Zmeny metabolizmu húb pri prechode do anaerobiózy

Uložené v:
Podrobná bibliografia
Hlavný autor: Guttenová, Margaréta (Autor)
Ďalší autori: Kaliňák, Michal (Vedúci práce)
Médium: Rukopis Kniha
Jazyk:Slovak
Vydavateľské údaje: 2015
Predmet:
On-line prístup:http://is.stuba.sk/zp/portal_zp.pl?podrobnosti=101360
Tagy: Pridať tag
Žiadne tagy, Buďte prvý, kto otaguje tento záznam!

MARC

LEADER 00000ntm a22000003a 4500
001 stuzp52314
003 SK-STU
005 20160719154131.2
007 ta
008 150427s2015----xo-----f-mn---000-0-slo-d
040 |a STU  |b slo 
041 0 |a slo 
100 1 |a Guttenová, Margaréta  |u 041630  |4 aut  |U FCHPT Ústav analytickej chémie  |T FCHPT Oddelenie NMR a hmotnostnej spektrometrie  |X 42493  |U C1630  |Y 109  |7 42493 
242 0 1 |a Changes in the Fungal Metabolism during Transition to Anaerobiosis  |y eng 
245 1 0 |a Zmeny metabolizmu húb pri prechode do anaerobiózy 
260 |c 2015 
650 4 |a anaerobióza  |2 slo 
650 4 |a vláknité huby  |2 slo 
650 4 |a GABA  |2 slo 
650 4 |a filamentous fungi  |2 eng 
650 4 |a anaerobiosis  |2 eng 
650 4 |a GABA  |2 eng 
700 1 |a Kaliňák, Michal  |4 ths  |X 4447  |7 A000004447 
856 4 |u http://is.stuba.sk/zp/portal_zp.pl?podrobnosti=101360 
SQL |a stuzp52314  |b DBP  |c SLO  |d Zmeny metabolizmu húb pri prechode do anaerobiózy  |e 42493  |f Guttenová, Margaréta  |g 041630  |h 4447  |i Kaliňák, Michal  |j 20150715  |k 752  |l 04  |m http://is.stuba.sk/zp/portal_zp.pl?podrobnosti=101360  |n B-BIOPOT  |o 5.2.25. biotechnológie